000 01558nam a2200337Ia 4500
003 OSt
005 20260309211026.0
008 200515s9999 xx 000 0 und d
020 _a84-7764-632-5
040 _aPE SENCICO BE
_cPE SENCICO BE
041 _aspa
082 _a747
_bB
245 1 0 _aBiblioteca Atrium del interiorismo /
_ceditor: Francisco Asensio Cerver
250 _a[1a ed.]
260 _aBarcelona :
_bGrupo Editorial Océano ;
_csin año
300 _atomos :
_bilustraciones, fotografías ;
_c29.5 cm.
490 _aColección técnica de bibliotecas profesionales
505 0 _aTomo 1: Arquitectura de ayer interiorismo de hoy -- Lo rústico puesto al día -- Ideas para habilitar espacios únicos -- Tomo 2: Los estilos se dan cita -- Apartamentos bien resueltos -- Tomo 3: Casas de coleccionistas -- Casas en la costa -- Vivir a dos niveles -- Tomo 4: Casas de gran ciudad -- Lo racional y lo escueto -- Tomo 5: A la decoración por las plantas -- Casas en el campo -- El valor de los grandes espacios
520 3 _aPresenta diferentes tendencias del interiorismo europeo con proyectos representativos y la forma de vivir actual
650 1 0 _aDiseño de interiores
_9315
650 2 0 _aDecoración y ornamentación
_9397
650 2 0 _aArquitectura
_9343
650 2 0 _aHistoria
_9383
650 2 0 _aDiseño arquitectónico
_9316
650 2 0 _aEbanistería
_9429
650 2 0 _aPavimentos
_9367
650 2 0 _aMadera
_9310
650 2 0 _aPuertas
_9337
700 _a Asensio Cerver, Francisco
_9579
_eeditor
942 _cLIB
_2ddc
999 _c2517
_d2517